| 000 | 00675nam a22001817a 4500 | ||
|---|---|---|---|
| 008 | 160517b xxu||||| |||| 00| 0 eng d | ||
| 020 | _a9715740707 | ||
| 082 |
_22003 _aDFil 370.9 _bSa5 |
||
| 100 |
_98465 _aSan Mateo, Rosalinda A. |
||
| 245 |
_aFoundations of education II: _b(historical, philosophical, and legal foundations of education)/ _cRosalinda A. San Mateo and Mauro G. Tangco. |
||
| 250 | _aThird Edition | ||
| 260 |
_aQuezon City: _bKatha Publishing Co., Inc., _cc2003. |
||
| 300 |
_a166 pages; _c25 cm. |
||
| 500 | _aIncludes bibliographical references. | ||
| 650 | 0 |
_98466 _aEducation _vPhilosophy |
|
| 700 |
_98467 _aMauro G. Tangco _eAuthor |
||
| 942 |
_2ddc _cDFIL |
||
| 999 |
_c2561 _d2561 |
||